[Event "WYb18"]
[Site "Halkidiki GRE"]
[Date "2003.10.23"]
[Round "1"]
[White "Lafuente,P"]
[Black "Karim,I"]
[Result "1-0"]
[WhiteElo "2424"]
[BlackElo "2177"]

1.d4 Nf6 2.c4 g6 3.Nc3 Bg7 4.e4 d6 5.Be2 O-O 6.Nf3 e5 7.O-O Na6 8.Be3 Ng4
9.Bg5 Qe8 10.h3 f6 11.Bd2 Nh6 12.d5 c5 13.a3 f5 14.b4 Nf7 15.Rb1 Qe7 16.Ne1 Ng5
17.Bxg5 Qxg5 18.Nd3 Qh4 19.bxc5 fxe4 20.g3 exd3 21.gxh4 dxe2 22.Qxe2 Nxc5
23.Ne4 Nxe4 24.Qxe4 Rf4 25.Qe2 b6 26.Rb4 Bxh3 27.c5 Bxf1 28.Kxf1 Rxb4 29.axb4 bxc5
30.bxc5 dxc5 31.Qa6 Re8 32.Qxa7 Bf6 33.Kg2 Bxh4 34.Qa4  1-0

[Event "300 Years"]
[Site "St Petersburg RUS"]
[Date "2003.10.23"]
[Round "6"]
[White "Najer,E"]
[Black "Kruppa,Y"]
[Result "0-1"]
[WhiteElo "2608"]
[BlackElo "2522"]

1.c4 g6 2.d4 Bg7 3.Nc3 Nf6 4.e4 O-O 5.Nf3 d6 6.Be2 e5 7.O-O Na6 8.Be3 Ng4
9.Bg5 Qe8 10.dxe5 dxe5 11.h3 f6 12.Bd2 Nh6 13.Rb1 Nf7 14.b4 c6 15.Be3 Qe7
16.Qa4 Nc7 17.Bc5 Nd6 18.Rfd1 Rd8 19.b5 Ne6 20.Be3 Bd7 21.Qb4 Bf8 22.bxc6 bxc6
23.Qa3 Be8 24.Rb3 Nf7 25.Rxd8 Nfxd8 26.Qxe7 Bxe7 27.Na4 Kf8 28.c5 Bf7 29.Rb2 Ke8
30.Ne1 f5 31.Nd3 Bf6 32.f3 fxe4 33.fxe4 Nd4 34.Bxd4 exd4 35.a3 Kd7 36.Bg4+ Kc7
37.Nb4 Bc4 38.Rd2 Bg5 39.Rd1 h5 40.Nb2 Bb5 41.Bf3 a5 42.N4d3 Ne6 43.g3 Rb8
44.e5 Be7 45.Rc1 Ng5 46.Bg2 Ba6 47.h4 Rb3 48.Nf4 Rxb2 49.hxg5 d3 50.Bf1 d2
51.Rd1 Bxc5+ 52.Kg2 Bc8 53.Be2 Bf5 54.Nd3 Be4+ 55.Kh3 Bf5+ 56.Kg2 Be4+ 57.Kh3 Rc2
58.Nxc5 Rxc5 59.Rxd2 Rxe5 60.g4 hxg4+ 61.Kxg4 Bf5+ 62.Kf3 Be6 63.Rc2 Bg8
64.Kf2 Bd5 65.Rc3 Kd6 66.Rh3 Kc5 67.Rh8 Kd4 68.Ra8 Be4 69.Rd8+ Rd5 70.Ra8 Rxg5
71.Ke1 Ke3 72.Kf1 Rg2 73.Bc4 Rc2  0-1

[Event "300 Years"]
[Site "St Petersburg RUS"]
[Date "2003.10.23"]
[Round "6"]
[White "Shchukin,D"]
[Black "Serov,M"]
[Result "1-0"]
[WhiteElo "2388"]
[BlackElo "2095"]

1.e4 g6 2.d4 Bg7 3.c4 d6 4.Nc3 Nf6 5.Nf3 O-O 6.Be2 e5 7.d5 a5 8.Nd2 Ne8 9.h4 f5
10.h5 gxh5 11.exf5 Bxf5 12.Nde4 Nf6 13.Bg5 Bg6 14.Bxf6 Bxf6 15.Bxh5 Qe8 16.Qg4 Bg7
17.Bxg6 Qxg6 18.Qe6+ Qxe6 19.dxe6 Nc6 20.Nd5 Rae8 21.Nxc7 Re7 22.Nb5 Nd4
23.Rd1 Rxe6 24.Nbxd6 b6 25.Rh3 Rf4 26.f3 Rg6 27.Kf2 Rf8 28.Rh5 h6 29.Nb5 Rc8
30.Nxd4 exd4 31.b3 a4 32.Ng3 axb3 33.axb3 Ra8 34.Rd2 Ra3 35.Nf5 Kf7 36.Nxg7 Kxg7
37.Rxd4 Rxb3 38.Rd7+ Kf8 39.Rf5+ Ke8 40.Rd2 Rc6 41.Re2+ Kd8 42.Rd5+ Kc8 43.Re8+ Kc7
44.Re7+ Kc8 45.Rf5 Rd3 46.Rf8+ Rd8 47.Rxd8+ Kxd8 48.Re4 Kd7 49.g4 Rc5 50.Kg3 h5
51.Kh4 hxg4 52.fxg4 b5 53.cxb5 Rxb5 54.g5 Rb1 55.g6 Rg1 56.Kh5 Rh1+ 57.Kg5 Rg1+
58.Rg4  1-0

[Event "300 Years"]
[Site "St Petersburg RUS"]
[Date "2003.10.23"]
[Round "6"]
[White "Akimov,I"]
[Black "Gubajdullin,A"]
[Result "0-1"]
[WhiteElo "2365"]
[BlackElo "2472"]

1.d4 g6 2.c4 Bg7 3.Nf3 d6 4.Nc3 Nf6 5.e4 O-O 6.Be2 e5 7.O-O exd4 8.Nxd4 Re8
9.f3 c6 10.Nc2 Nh5 11.Be3 Be5 12.Qd2 Qh4 13.f4 Bxc3 14.Qxc3 Nf6 15.e5 Ne4
16.Qd3 dxe5 17.fxe5 Rxe5 18.Bd4 Re8 19.Bf3 Nd6 20.Bc3 Rd8 21.Rad1 Bf5 22.Qe2 Re8
23.Ne3 Qg5 24.Rxd6 Rxe3 25.Qd2 Nd7 26.Rxd7 Bxd7 27.Qxd7 Rd8 28.Qh3 Qc5 29.Kh1 Qxc4
30.Rg1 Rxc3 31.bxc3 Qxc3 32.Qg3 Re8 33.h3 Re5 34.Qf4 Kg7 35.Kh2 Ra5 36.Rf1 Rf5
37.Qc7 Qc4 38.Rf2 Qd4 39.Re2 Qc4 40.Rf2 Qd4 41.Re2 Qc4 42.Qd6 Rxf3 43.Qe5+ Rf6
44.Rf2 Qe6 45.Qb2 Qd6+ 46.Kh1 c5 47.Rxf6 Qxf6 48.Qxb7 Qa1+ 49.Kh2 Qxa2 50.Qe7 a5
51.Qe5+ f6 52.Qxc5 g5 53.Qc7+ Kg6 54.Qe7 Qf7 55.Qe4+ Kg7 56.Kh1 Qc7 57.Qa8 h5
58.Qe8 h4 59.Qb5 Qa7 60.Qa4 Kh6 61.Qe8 Kg7 62.Qa4 Qc7 63.Qb5 Qe5 64.Qb7+ Kg6
65.Qa8 Qc5 66.Qe8+ Kf5 67.Qd7+ Ke4 68.Qe6+ Kd3 69.Qb3+ Qc3 70.Qd1+ Ke3 71.Qf3+ Kd2
72.Qf2+ Kd1 73.Qa2 f5 74.Qb1+ Ke2 75.Qb5+ Kd1 76.Qb1+ Qc1 77.Qd3+ Ke1 78.Kg1 Qc5+
79.Kh1 a4 80.Qb1+ Kd2 81.Qa2+ Qc2 82.Qa3 Qc1+  0-1

[Event "300 Years"]
[Site "St Petersburg RUS"]
[Date "2003.10.24"]
[Round "7"]
[White "Sharevich,A"]
[Black "Gochelashvili,D"]
[Result "1-0"]
[WhiteElo "2267"]
[BlackElo "2331"]

1.d4 Nf6 2.Nf3 g6 3.c4 Bg7 4.Nc3 O-O 5.e4 d6 6.Be2 e5 7.d5 a5 8.Bg5 Na6 9.Nd2 Qe8
10.O-O h6 11.Be3 Nd7 12.a3 f5 13.f3 f4 14.Bf2 g5 15.g4 fxg3 16.hxg3 g4 17.fxg4 Nf6
18.Be3 Qg6 19.g5 hxg5 20.Kg2 g4 21.Rh1 Bd7 22.Rh4 Kf7 23.c5 Nxc5 24.Bxc5 dxc5
25.d6 cxd6 26.Nc4 Ne8 27.Nb6 Rd8 28.Nxd7 Rxd7 29.Bxg4 Ke7 30.Bxd7 Kxd7 31.Qa4+ Kc8
32.Nd5 Bf6 33.Rh3 Bd8 34.Qc2 Nc7  1-0

[Event "After Holidays IM"]
[Site "Tel Aviv ISR"]
[Date "2003.10.24"]
[Round "6"]
[White "Eljanov,V"]
[Black "Lymar,I"]
[Result "1/2-1/2"]
[WhiteElo "2419"]
[BlackElo "2392"]

1.d4 Nf6 2.c4 g6 3.Nc3 Bg7 4.e4 d6 5.Nf3 O-O 6.Be2 e5 7.Be3 Ng4 8.Bg5 f6
9.Bh4 Nc6 10.d5 Ne7 11.Nd2 Nh6 12.f3 g5 13.Bf2 f5 14.O-O c5 15.exf5 Nhxf5
16.Nde4 Ng6 17.Bd3 Nf4 18.a3 b6 19.Re1 h6 20.Qc2 Qc7 21.Ne2 Nxd3 22.Qxd3 a6
23.b4 Bd7 24.Rab1 Rab8 25.Rb3 Kh8 26.Reb1 Nd4 27.R3b2 g4 28.Nxd4 cxd4 29.fxg4 Bxg4
30.Rf1 Rf4 31.Bh4 Rxf1+ 32.Qxf1 Rf8 33.Qd3 Bf5 34.Re2 Bxe4 35.Rxe4 Rc8 36.Re1 Qxc4
37.Qg6 Qxd5 38.Bf6 Rc7 39.Qxh6+ Kg8 40.Bxg7 Rxg7 41.Qh3 Rg6 42.Rc1 Kg7 43.Rc7+ Kf6
44.Qh8+ Kg5 45.Qd8+ Kf5 46.Qf8+ Kg5  1/2-1/2

[Event "CCAS Open"]
[Site "Cap d'Agde FRA"]
[Date "2003.10.25"]
[Round "4"]
[White "Pira,D"]
[Black "Apicella,M"]
[Result "1/2-1/2"]
[WhiteElo "2403"]
[BlackElo "2542"]

1.d4 Nf6 2.Nf3 g6 3.c4 Bg7 4.Nc3 O-O 5.e4 d6 6.Be2 e5 7.Be3 Na6 8.dxe5 dxe5
9.Nd2 c6 10.b4 Nxb4 11.Bc5 Nd3+ 12.Bxd3 Qxd3 13.Bxf8 Bxf8 14.Qb3 Nd7 15.Rd1 Qd6
16.Nf3 Qc7 17.O-O Nc5 18.Qc2  1/2-1/2

[Event "3rd Rohde Open"]
[Site "Sautron FRA"]
[Date "2003.10.25"]
[Round "1"]
[White "Primel,D"]
[Black "Nevednichy,V"]
[Result "0-1"]
[WhiteElo "2133"]
[BlackElo "2575"]

1.Nf3 g6 2.c4 Bg7 3.Nc3 d6 4.d4 Nf6 5.e4 O-O 6.Be2 e5 7.O-O Nbd7 8.Be3 Re8
9.d5 Nh5 10.g3 Bf6 11.Ne1 Ng7 12.Qd2 Be7 13.Nd3 f5 14.f3 Nf6 15.Nf2 Rf8 16.Kg2 Nfh5
17.Nd3 Nf6 18.Nf2 a6 19.b4 Nfh5 20.Nd3 f4 21.Bf2 g5 22.g4 Nf6 23.h3 h5 24.a4 Qe8
25.a5 Qg6 26.Rh1 Kf7 27.c5 Nge8 28.Rag1 Rh8 29.Kf1 Bd7 30.Qa2 Rh6 31.Nxe5+ dxe5
32.d6+ Be6 33.Bc4 Ng7 34.dxe7 c6 35.Bxe6+ Nxe6 36.Qc4 Kxe7 37.Kg2 Qh7 38.Rd1 hxg4
39.hxg4 Nxg4 40.Rxh6 Nxh6 41.Rd6 Nd8 42.Qd3 Nhf7 43.Rd7+ Kf6 44.Na4 Ne6 45.Rxb7 Rh8
46.Kf1 Qh1+ 47.Ke2 Rh2 48.Qd7 Nd4+  0-1

[Event "300 Years"]
[Site "St Petersburg RUS"]
[Date "2003.10.25"]
[Round "8"]
[White "Lugovoi,A"]
[Black "Kruppa,Y"]
[Result "1/2-1/2"]
[WhiteElo "2553"]
[BlackElo "2522"]

1.d4 Nf6 2.c4 g6 3.Nc3 Bg7 4.e4 O-O 5.Nf3 d6 6.Be2 e5 7.d5 Nbd7 8.Be3 Ng4
9.Bg5 f6 10.Bd2 a5 11.O-O Nc5 12.Ne1 Nh6 13.Qc1 Nf7 14.Be3 f5 15.exf5 gxf5
16.f4 Qe7 17.Qd2 exf4 18.Bxf4 a4 19.Rc1 Ne4 20.Nxe4 fxe4 21.Be3 Qe5 22.Rb1 c5
23.dxc6 bxc6 24.Nc2 c5 25.Bf4 Qe6 26.Ne3 Bd4 27.Kh1 Bb7 28.Bg4 Qg6 29.Bf5 Qf6
30.Bg3 Qg5 31.Bf4 Qf6 32.Qe2 Nh6 33.Bh3 Qg6 34.Nd5 Bxd5 35.cxd5 Nf5 36.Bxf5 Rxf5
37.Qxe4 Re8 38.Qd3 Ref8 39.g3 Rxd5 40.Qf3 Rdf5 41.b3 Be5 42.Rbd1 axb3 43.axb3 h5
44.Qd3 Kh7 45.Kg2 Bxf4  1/2-1/2

[Event "LXVIII ch-ESP Gp A"]
[Site "Burgos ESP"]
[Date "2003.10.26"]
[Round "3"]
[White "Candela Perez,J"]
[Black "Comas Fabrego,L"]
[Result "1/2-1/2"]
[WhiteElo "2410"]
[BlackElo "2502"]

1.d4 Nf6 2.c4 g6 3.Nc3 Bg7 4.e4 d6 5.Nf3 O-O 6.Be2 Na6 7.O-O e5 8.Re1 c6
9.Bf1 Bg4 10.d5 cxd5 11.cxd5 Ne8 12.Bxa6 bxa6 13.Qd3 Bc8 14.Nd2 f5 15.Nc4 f4
16.a4 Qh4 17.Bd2 g5 18.f3 g4 19.fxg4 Bxg4 20.Rf1 Rf6 21.Be1 Qh5 22.h3 Bd7
23.Qf3 Qh6 24.Nb1 Rg6 25.Ra3 Bf6 26.Nbd2 Rc8 27.Qd3 Bh4 28.Bxh4 Qxh4 29.Rf3 Kg7
30.Ra1 Kh6 31.b3 Ng7 32.Raf1 Nh5 33.R1f2 Rcg8 34.Nf1 Qe7 35.Rc2 Kg7 36.Na5 Kh8
37.Rff2 Nf6 38.Nc6 Qg7 39.b4 Nh5 40.b5 axb5 41.axb5 Ng3 42.Nxa7 Bxh3 43.b6 Nxf1
44.Qxh3 Rg3 45.Qe6 Ne3 46.Qxg8+ Qxg8 47.Rc8 Nc4  1/2-1/2

[Event "LXVIII ch-ESP Gp B"]
[Site "Burgos ESP"]
[Date "2003.10.27"]
[Round "4"]
[White "Herraiz Hidalgo,H"]
[Black "De la Riva Aguado,O"]
[Result "1/2-1/2"]
[WhiteElo "2499"]
[BlackElo "2549"]

1.d4 g6 2.c4 Bg7 3.e4 d6 4.Nc3 Nf6 5.Be2 O-O 6.Nf3 Na6 7.O-O e5 8.Re1 Qe8
9.Bg5 exd4 10.Qxd4 Ng4 11.Qd2 f6 12.Bf4 Ne5 13.Nd4 Nc5 14.b3 Qf7 15.Rad1 Ne6
16.Be3 Nxd4 17.Bxd4 Nc6 18.Be3 Re8 19.f4 f5 20.exf5 Bxf5 21.Bf3 Bxc3 22.Qxc3 Be4
23.Bc1 Bxf3 24.Bb2 Kf8 25.Qxf3 Rxe1+ 26.Rxe1 Re8 27.Rf1 Qf5 28.h3 Re7 29.Kh2 h5
30.Bc3 Ke8 31.Rf2 Kd7 32.g3 Qc5 33.Re2 Rxe2+ 34.Qxe2 Qf5 35.Kg2  1/2-1/2

[Event "LXVIII ch-ESP Abierto"]
[Site "Burgos ESP"]
[Date "2003.10.28"]
[Round "5"]
[White "Iruzubieta,J"]
[Black "Pascual Paredes,J"]
[Result "0-1"]
[WhiteElo "2422"]
[BlackElo "2252"]

1.Nf3 Nf6 2.c4 g6 3.Nc3 Bg7 4.e4 d6 5.d4 O-O 6.Be2 Na6 7.O-O e5 8.Be3 Ng4
9.Bg5 Qe8 10.dxe5 dxe5 11.h3 h6 12.Bd2 Nf6 13.Be3 Qe7 14.Nd5 Qd8 15.Nxf6+ Qxf6
16.c5 Nb8 17.b4 Qe7 18.Qb3 Kh7 19.Rfe1 f5 20.exf5 gxf5 21.Bc4 e4 22.Bd4 Nc6
23.Rad1 a5 24.a3 axb4 25.axb4 Re8 26.Bf7 Rd8 27.Bxg7 Rxd1 28.Qxd1 Qxf7 29.Bb2 exf3
30.b5 Ra2 31.Qd2 Ne7 32.Qd4 Ng6 33.c6 bxc6 34.bxc6 f4 35.Qd8 Rxb2 36.Qxc8 Re2
37.Rd1 Re8 38.Qb7 Ne5  0-1

[Event "WYb18"]
[Site "Halkidiki GRE"]
[Date "2003.10.28"]
[Round "6"]
[White "Nyback,T"]
[Black "Polivanov,A"]
[Result "1/2-1/2"]
[WhiteElo "2497"]
[BlackElo "2393"]

1.Nf3 Nf6 2.c4 d6 3.d4 g6 4.Nc3 Bg7 5.e4 O-O 6.Be2 e5 7.O-O Nbd7 8.Be3 h6
9.dxe5 dxe5 10.Qc1 Kh7 11.Rd1 Re8 12.c5 Qe7 13.Nd2 Nxc5 14.Nd5 Nxd5 15.exd5 Na4
16.Ne4 Rd8 17.Qc2 Nb6 18.Bc5 Qe8 19.Nc3 c6 20.Qb3 Nxd5 21.Nxd5 cxd5 22.Rxd5 b6
23.Rxd8 Qxd8 24.Rd1 Qf6 25.Qf3 Qxf3 26.Bxf3 e4 27.Bxe4 Bg4 28.f3 Re8 29.Ba3 Rxe4
30.fxg4 Bd4+ 31.Kf1 Rxg4 32.g3 Re4 33.Rc1 Be5 34.b3 b5 35.Rc6 b4 36.Bc1 Bc3
37.Kf2 Kg7 38.Be3 Bd4 39.Bxd4+ Rxd4 40.Ke3 Rd7 41.Rc4 Re7+ 42.Kd3 Rd7+ 43.Ke3 Re7+
44.Kd3 Rd7+  1/2-1/2

[Event "Open"]
[Site "Bastia FRA"]
[Date "2003.10.29"]
[Round "2"]
[White "Van Wely,L"]
[Black "Grigore,Ge"]
[Result "1/2-1/2"]
[WhiteElo "2654"]
[BlackElo "2485"]

1.d4 Nf6 2.c4 g6 3.Nc3 Bg7 4.e4 d6 5.Nf3 O-O 6.Be2 e5 7.O-O exd4 8.Nxd4 Re8
9.f3 c6 10.Nc2 Na6 11.Kh1 Nc7 12.Be3 d5 13.exd5 cxd5 14.c5 Nh5 15.Qd2 d4
16.Bxd4 Bf5 17.Ne4 Ne6 18.Bxg7 Qxd2 19.Nxd2 Nhxg7 20.Ne4 Bxe4 21.fxe4 Nxc5
22.Bc4 Rxe4 23.Bxf7+ Kh8 24.b4 Nce6 25.Rae1 Rxe1 26.Rxe1 Rf8 27.Bxe6 Nxe6
28.Kg1 Rc8 29.Rxe6 Rxc2 30.a4 Rc7 31.Kf2 Kg7 32.h4 Kf7 33.Re4 h5 34.Kf3 Kf6
35.g4 Rc3+ 36.Kf4 hxg4 37.Kxg4 Rb3 38.Rf4+ Kg7 39.a5 b6 40.axb6 axb6 41.Rd4 Kh6
42.Re4  1/2-1/2

[Event "Open"]
[Site "Bastia FRA"]
[Date "2003.10.30"]
[Round "6"]
[White "Van Wely,L"]
[Black "Shchekachev,A"]
[Result "1-0"]
[WhiteElo "2654"]
[BlackElo "2522"]

1.d4 Nf6 2.c4 g6 3.Nc3 Bg7 4.e4 d6 5.Nf3 O-O 6.Be2 e5 7.O-O Na6 8.Re1 Qe8
9.Be3 Ng4 10.Bg5 f6 11.Bh4 Qf7 12.h3 exd4 13.Nxd4 Ne5 14.b3 Nc6 15.Ndb5 Nd8
16.Nd5 Ne6 17.f4 g5 18.f5 Nec5 19.Bg3 Qd7 20.Nbc3 Qd8 21.b4 Nd7 22.a3 Ne5
23.Rc1 c6 24.Ne3 Qe7 25.Qd2 Nc7 26.Red1 Ne8 27.Bh5 a5 28.b5 a4 29.Rb1 Qc7
30.b6 Qe7 31.Rb4 Bh8 32.Rxa4 Rxa4 33.Nxa4 Ng7 34.Be2 h5 35.Qxd6 Qxd6 36.Rxd6 Ne8
37.Rd8 Ng7  1-0

[Event "LXVIII ch-ESP Abierto"]
[Site "Burgos ESP"]
[Date "2003.10.30"]
[Round "7"]
[White "Iruzubieta,J"]
[Black "Castany Pampalona,L"]
[Result "0-1"]
[WhiteElo "2422"]
[BlackElo "2222"]

1.Nf3 Nf6 2.c4 g6 3.Nc3 Bg7 4.e4 d6 5.d4 O-O 6.Be2 e5 7.O-O Nbd7 8.Be3 Ng4
9.Bg5 f6 10.Bd2 c6 11.d5 c5 12.Qc1 f5 13.Ng5 Ndf6 14.f3 Nh6 15.Ne6 Bxe6 16.dxe6 f4
17.b4 Re8 18.Qb2 Rxe6 19.bxc5 dxc5 20.Nd5 b6 21.a4 a5 22.Bc3 Nf7 23.Rab1 Nd7
24.Rfd1 Bf8 25.Nxb6 Rxb6 26.Qxb6 Qxb6  0-1

[Event "18th Open"]
[Site "Le Touquet FRA"]
[Date "2003.10.30"]
[Round "5"]
[White "Farago,I"]
[Black "Lallemand,R"]
[Result "1-0"]
[WhiteElo "2485"]
[BlackElo "2289"]

1.d4 Nf6 2.Nf3 g6 3.c4 Bg7 4.Nc3 O-O 5.e4 d6 6.Be2 e5 7.O-O Na6 8.Re1 c6
9.Bf1 Bg4 10.d5 Nb4 11.Be2 a5 12.Bg5 h6 13.Be3 c5 14.a3 Na6 15.h3 Bd7 16.Qd2 Kh7
17.Nh2 Ne8 18.f4 exf4 19.Bxf4 f5 20.Bd3 Bd4+ 21.Be3 Bxe3+ 22.Rxe3 f4 23.Rf3 g5
24.e5+ Bf5 25.Bxf5+ Rxf5 26.Qd3 Ng7 27.g4 fxg3 28.Ng4  1-0

[Event "WYb16"]
[Site "Halkidiki GRE"]
[Date "2003.10.31"]
[Round "9"]
[White "Gerzhoy,L"]
[Black "Pancevski,F"]
[Result "0-1"]
[WhiteElo "2423"]
[BlackElo "2273"]

1.Nf3 Nf6 2.c4 g6 3.Nc3 Bg7 4.e4 d6 5.d4 O-O 6.Be2 e5 7.O-O Nbd7 8.Re1 exd4
9.Nxd4 Nc5 10.Bf1 Re8 11.f3 a5 12.Be3 Nfd7 13.Qd2 c6 14.Rad1 Ne5 15.b3 a4
16.b4 Ne6 17.a3 Qf6 18.Kh1 Qe7 19.Qf2 Qf6 20.Rd2 h5 21.Red1 Nf4 22.Rc2 h4
23.Qd2 Ne6 24.Nxe6 Qxe6 25.Qxd6 Nxc4 26.Bxc4 Qxc4 27.Rdc1 Qe6 28.Qd2 h3 29.g3 Qf6
30.Qf2 Rd8 31.Ne2 Be6 32.Nf4 Bb3 33.Re2 Rd1+ 34.Rxd1 Bxd1 35.Re1 Rd8 36.Rf1 Qb2
37.Nxh3 Rd3 38.Qxb2 Bxb2 39.Nf4 Rxe3 40.Rxd1 Rxa3 41.Kg2 Rb3 42.Rd8+ Kg7
43.Rd7 Rxb4 44.Ne6+ Kf6 45.Nc5 a3 46.e5+ Bxe5  0-1

[Event "3rd Rohde Open"]
[Site "Sautron FRA"]
[Date "2003.10.31"]
[Round "7"]
[White "Pham Minh Hoang"]
[Black "Ionescu,Cr"]
[Result "1/2-1/2"]
[WhiteElo "2438"]
[BlackElo "2242"]

1.d4 Nf6 2.c4 g6 3.Nc3 Bg7 4.e4 d6 5.Nf3 O-O 6.Be2 e5 7.O-O exd4 8.Nxd4 Re8
9.f3 Nh5 10.f4 c5 11.Nb3 Nf6 12.Bf3 Nc6 13.Re1 Be6 14.Nd5 Bxd5 15.cxd5 Nd4
16.Nxd4 cxd4 17.Bd2 Nd7 18.Rc1 Qb6 19.b4 a6 20.Qb3 Rac8 21.g3 d3+ 22.Kg2 Qd4
23.Rxc8 Rxc8 24.Bd1 Nf6 25.Kf3 h5 26.h3 b5 27.Re3 Rc4 28.Qxd3 Qxd3 29.Rxd3 Nxe4
30.Be1 f5 31.Bb3 Rc1 32.Rd1 Rxd1 33.Bxd1 Bc3 34.Bxc3 Nxc3 35.Bb3 Ne4 36.Bc2 Nf6
37.a4 Kg7 38.axb5 axb5 39.Bb3 Ne4 40.Bc2 Nf6 41.Bb3 Ne4 42.Ke3 Nxg3 43.Bc2 Ne4  1/2-1/2

[Event "WYb18"]
[Site "Halkidiki GRE"]
[Date "2003.11.02"]
[Round "11"]
[White "Lafuente,P"]
[Black "Trent,L"]
[Result "1/2-1/2"]
[WhiteElo "2424"]
[BlackElo "2326"]

1.d4 Nf6 2.c4 g6 3.Nc3 Bg7 4.e4 d6 5.Be2 O-O 6.Nf3 e5 7.O-O Na6 8.Re1 Qe8
9.Bf1 Bg4 10.d5 c6 11.h3 Bxf3 12.Qxf3 Nd7 13.Qd1 Qe7 14.a3 c5 15.Bd3 f5 16.Bd2 f4
17.Be2 h5 18.Rb1 Rf7 19.Rf1 Bf8 20.b4 Rh7 21.Be1 Nf6 22.f3 g5 23.Na4 b6 24.bxc5 Nxc5
25.Nxc5 bxc5 26.a4 Rg7 27.Qd3 Rd8 28.a5 Rd7 29.Bf2 Qd8 30.Rb5 g4 31.fxg4 hxg4
32.Bh4 f3 33.Bxf3 gxh3 34.Bxf6 Qxf6 35.Bg4 Qxf1+ 36.Qxf1 Rxg4 37.Rb3 hxg2
38.Qf5 Rgg7 39.Rf3 Rdf7 40.Qe6 Be7 41.Rxf7 Rxf7 42.Kxg2 Bf8 43.Kg3 Be7 44.Kg4 Kf8
45.a6 Rf4+ 46.Kh5 Rf6 47.Qc8+ Kf7 48.Qd7 Rf4 49.Qe6+ Ke8 50.Kg6 Kd8 51.Qg8+ Rf8
52.Qh7 Rf4 53.Qh8+ Rf8 54.Qh3 Rg8+ 55.Kf7 Rf8+ 56.Kg7 Rf4 57.Qg2 Kd7 58.Qe2 Kd8
59.Qe1 Kd7 60.Qe2 Kd8 61.Kg6 Rf6+ 62.Kh5 Rf4 63.Kg6 Rf6+ 64.Kg7 Rf4 65.Qe1 Kd7
66.Qe2 Kd8 67.Qg2 Kd7 68.Qg6 Kd8  1/2-1/2

[Event "ch-UKR"]
[Site "Simferopol UKR"]
[Date "2003.11.06"]
[Round "3"]
[White "Sumets,A"]
[Black "Alexikov,A"]
[Result "1/2-1/2"]
[WhiteElo "2467"]
[BlackElo "2383"]

1.d4 Nf6 2.c4 g6 3.Nc3 Bg7 4.e4 d6 5.Nf3 O-O 6.Be2 e5 7.O-O Na6 8.Re1 c6
9.Bf1 exd4 10.Nxd4 Ng4 11.h3 Qb6 12.hxg4 Qxd4 13.Qf3 Qe5 14.Bf4 Qe7 15.Qg3 Be5
16.Rad1 g5 17.Bxe5  1/2-1/2

[Event "TCh-CZE Extraliga 2003-4"]
[Site "Czech Rep CZE"]
[Date "2003.11.08"]
[Round "1"]
[White "Likavsky,T"]
[Black "Sobek,J"]
[Result "1-0"]
[WhiteElo "2482"]
[BlackElo "2316"]

1.d4 Nf6 2.Nf3 g6 3.c4 Bg7 4.Nc3 d6 5.e4 O-O 6.Be2 e5 7.O-O Na6 8.Re1 exd4
9.Nxd4 Nc5 10.Bf1 Re8 11.f3 a5 12.Be3 Nfd7 13.Ndb5 b6 14.Qd2 Bb7 15.Rad1 Ne5
16.Bg5 f6 17.Bh4 Nf7 18.Qc2 c6 19.Nd4 Qc7 20.b3 Bc8 21.Bf2 Ne6 22.Kh1 Bd7
23.Nxe6 Bxe6 24.Na4 Rab8 25.Bg3 Ne5 26.f4 Nf7 27.f5 gxf5 28.exf5 Bd7 29.c5 Rxe1
30.Rxe1 bxc5 31.Nxc5 Re8 32.Rxe8+ Bxe8 33.Ne6 Qc8 34.Qd1 Bd7 35.Bxd6 Bxe6
36.fxe6 Qxe6 37.Bc4 Qd7 38.Qh5 Bf8 39.Bf4 Kg7 40.h4 Bb4 41.Bxf7 Qxf7 42.Bh6+ Kg8
43.Qg4+ Kh8 44.Qc8+ Qg8 45.Qxc6 Qd8 46.Kh2 Bf8 47.Bf4 Kg7 48.Qc7+ Be7 49.Qxd8 Bxd8
50.Kg3 Kg6 51.Kf3 f5 52.g3 Bb6 53.Ke2 Kh5 54.Kf3 Kg6 55.a3 Kf6 56.b4 a4 57.Be3 Bc7
58.b5  1-0

[Event "ch-UKR"]
[Site "Simferopol UKR"]
[Date "2003.11.08"]
[Round "5"]
[White "Miroshnichenko,E"]
[Black "Maximov,D"]
[Result "1-0"]
[WhiteElo "2571"]
[BlackElo "2438"]

1.Nf3 Nf6 2.c4 g6 3.Nc3 Bg7 4.e4 d6 5.d4 O-O 6.Be2 e5 7.Be3 exd4 8.Nxd4 Re8
9.f3 c6 10.Bf2 Nh5 11.Qd2 Nd7 12.g4 Nhf6 13.O-O-O a6 14.Nc2 h5 15.h3 Re6
16.Nd4 Re8 17.Nc2 Re6 18.Rhg1 Qf8 19.Bg3 hxg4 20.hxg4 Ne5 21.g5 Ne8 22.f4 Nd7
23.f5 Bxc3 24.Qxc3 Rxe4 25.Bf3 gxf5 26.g6 Ndf6 27.g7 Qe7 28.Bxe4 Nxe4 29.Qe3 Qf6
30.Bf4 Bd7 31.Qh3 Nxg7 32.Rg2 Nc5 33.Rdg1 Ne6 34.Rh2 Kf8 35.Bxd6+  1-0

[Event "ch-UKR"]
[Site "Simferopol UKR"]
[Date "2003.11.08"]
[Round "5"]
[White "Papenin,N"]
[Black "Ajrapetjan,Y"]
[Result "1-0"]
[WhiteElo "2388"]
[BlackElo "2271"]

1.d4 Nf6 2.c4 g6 3.Nc3 Bg7 4.e4 d6 5.Nf3 O-O 6.Be2 e5 7.d5 Nbd7 8.Be3 Ng4
9.Bg5 f6 10.Bh4 g5 11.Bg3 Nh6 12.Nd2 f5 13.f3 Nf6 14.Bf2 c5 15.h3 g4 16.hxg4 fxg4
17.Be3 Nf7 18.fxg4 h6 19.Nf1 Qd7 20.Rh4 Qe7 21.Rh1 Qd7 22.Ng3 Nxg4 23.Bxg4 Qxg4
24.Qxg4 Bxg4 25.Kd2 Ng5 26.Nb5 Rf6 27.Raf1 Rg6 28.Bxg5 hxg5 29.Nf5 Bxf5 30.exf5 Rf6
31.Nc3 b5 32.Ne4 bxc4 33.Nxf6+ Bxf6 34.Rh6 Kf7 35.Rh7+ Kg8 36.Rb7 e4 37.Rh1 Re8
38.Rh6 Be5 39.f6 Rf8 40.Rg7+  1-0

[Event "7th BayEM"]
[Site "Bad Wiessee GER"]
[Date "2003.11.09"]
[Round "2"]
[White "Osthoff,M"]
[Black "Naumann,A"]
[Result "0-1"]
[WhiteElo "2169"]
[BlackElo "2518"]

1.d4 Nf6 2.c4 g6 3.Nc3 Bg7 4.Nf3 O-O 5.e4 d6 6.Be2 Na6 7.O-O e5 8.dxe5 dxe5
9.Qxd8 Rxd8 10.Bg5 Re8 11.Rfd1 h6 12.Bxf6 Bxf6 13.a3 c6 14.b4 Nc7 15.c5 Ne6
16.Bc4 Nd4 17.Ne2 Be6 18.Nexd4 Bxc4 19.Nc2 Red8 20.Ne3 Bd3 21.Ng4 Bg7 22.Ngxe5 Bxe4
23.Rxd8+ Rxd8 24.Re1 Bd5 25.Rd1 Re8 26.Re1 g5 27.h3 f5 28.g4 fxg4 29.hxg4 Rf8
30.Re3 Rf4 31.Kh2 b6 32.cxb6 axb6 33.Kg3 Bf8 34.Nd3 Bd6 35.Nfe5 Rd4 36.Kh3 Kg7
37.f3 c5 38.bxc5 bxc5 39.Nd7 c4 40.Nb4 Bb7 41.Nb6 Rd2  0-1

[Event "7th BayEM"]
[Site "Bad Wiessee GER"]
[Date "2003.11.09"]
[Round "2"]
[White "Kostic,Vl"]
[Black "Guggenberger,G"]
[Result "1-0"]
[WhiteElo "2373"]
[BlackElo "2135"]

1.Nf3 Nf6 2.c4 g6 3.Nc3 Bg7 4.e4 d6 5.d4 O-O 6.Be2 e5 7.Be3 Ng4 8.Bg5 f6
9.Bc1 Nc6 10.d5 Ne7 11.O-O Nh6 12.c5 f5 13.cxd6 cxd6 14.Ng5 f4 15.Ne6 Bxe6
16.dxe6 Kh8 17.Nb5 d5 18.exd5 Qxd5 19.Qxd5 Nxd5 20.Bf3 Ne7 21.Bd2 a6 22.Nc7 Rac8
23.Rac1 Nc6 24.Bxc6 Rxc7 25.Bd7 Rxc1 26.Rxc1  1-0

[Event "TCh-SWE 2003-4"]
[Site "Malmo SWE"]
[Date "2003.11.09"]
[Round "1"]
[White "Cramling,D"]
[Black "Aaberg,A"]
[Result "1-0"]
[WhiteElo "2425"]
[BlackElo "2383"]

1.c4 Nf6 2.Nc3 g6 3.e4 d6 4.d4 Bg7 5.Be2 O-O 6.Nf3 e5 7.d5 a5 8.Be3 Na6 9.a3 Ng4
10.Bg5 f6 11.Bh4 Nh6 12.Nd2 Bd7 13.Rb1 Nc5 14.b4 axb4 15.axb4 Na4 16.Qc2 Nxc3
17.Qxc3 g5 18.Bg3 f5 19.f3 f4 20.Bf2 g4 21.c5 Bf6 22.c6 bxc6 23.dxc6 Bc8
24.O-O Bh4 25.fxg4 Nxg4 26.Bxg4 Bxg4 27.Bxh4 Qxh4 28.b5 Kh8 29.b6 cxb6 30.Nc4 f3
31.g3 Qh6 32.Rf2 Ra4 33.c7 Qe6 34.Nxb6 Rxe4 35.c8=Q Rxc8 36.Nxc8 Rc4 37.Qb3 Rxc8
38.Qxe6 Bxe6 39.Rxf3 Kg7 40.Rb7+ Kg6 41.Rb6 e4 42.Re3 Rd8 43.Rxe4 Kf5 44.Rh4 Rd7
45.Kf2 Kg5 46.Rd4  1-0

[Event "IX It"]
[Site "Montecatini Terme ITA"]
[Date "2003.11.09"]
[Round "2"]
[White "Ivanov,J"]
[Black "Aldrovandi,C"]
[Result "1/2-1/2"]
[WhiteElo "2426"]
[BlackElo "2414"]

1.Nf3 Nf6 2.c4 g6 3.Nc3 Bg7 4.e4 d6 5.d4 O-O 6.Be2 e5 7.d5 a5 8.h3 Na6 9.Bg5 h6
10.Be3 Kh7 11.a3 Bd7 12.Nd2 Ng8 13.O-O Qe8 14.Qc2 a4 15.Nb5 Qe7 16.Rae1 Nf6
17.Bd1 c6 18.dxc6 Bxc6 19.Bf3 Nc5 20.Bxc5 dxc5 21.Nb1 Ne8 22.N1c3 Nc7 23.Be2 Ne6
24.Nxa4 Nd4 25.Nxd4 exd4 26.Nb6 Bxe4 27.Bd3 Bxd3 28.Qxd3 Qd6 29.Nxa8 Rxa8
30.Re2 Bf6 31.Rd1 Rb8 32.a4 Ra8 33.b3 Kg7 34.Qf3 Qd7 35.g3 Rd8 36.Kg2 Rb8
37.Rd3 Qc7 38.h4 h5 39.Re4 Rc8 40.Qe2 Qc6 41.Rf3 Rd8 42.Qd3 Rd6 43.Re1 Qd7
44.Rf4 Qc6+ 45.f3 Qc7 46.Rfe4 Qa5 47.Rc1 Qb4 48.Kh3 Rb6 49.Rb1 Rd6 50.g4 hxg4+
51.Rxg4 Qc3 52.Rd1 Rb6 53.h5 Qxb3 54.Qf1 Qe3 55.hxg6 Qh6+ 56.Kg3 fxg6 57.Rb1 Rb4
58.Rxb4 cxb4 59.Qb1 b6 60.Qe4 Qh5 61.f4 Kh6 62.c5 bxc5 63.a5 d3 64.Qxd3 c4
65.Qxc4 Qxa5 66.Kg2 Qa8+ 67.Kh2 Qf3 68.Rg3 Qf2+ 69.Kh3 Qe1 70.Kg2 Qd2+ 71.Kh3 Qe1
72.Qd5 Qf1+ 73.Kg4 Qe2+ 74.Qf3 Qb5 75.Rh3+ Kg7 76.Qd3 Qc6 77.Rg3 Qc8+ 78.Kf3 Qc6+
79.Ke2 Qe8+ 80.Kf1 Qf7 81.f5 g5 82.Qb5 Qc7 83.Rd3 Qf4+ 84.Ke2 Qg4+ 85.Kd2 Qg2+
86.Ke3 Qg3+ 87.Ke2 Qg2+ 88.Kd1 Qf1+ 89.Kc2 Qf2+ 90.Kb3 g4 91.Qxb4 Qb2+ 92.Ka4 Qxb4+
93.Kxb4 Kh6 94.Kc4 Kg5 95.Rd5 g3 96.Rd3 Be5 97.Kd5 Kxf5 98.Rf3+ Kg4 99.Rxg3+  1/2-1/2

[Event "TCh-AUT B Mitte 2003-4"]
[Site "St Veit AUT"]
[Date "2003.11.09"]
[Round "2"]
[White "Taggatz,M"]
[Black "Ebner,H"]
[Result "1-0"]
[WhiteElo "2230"]
[BlackElo "2258"]

1.Nf3 Nf6 2.c4 g6 3.Nc3 Bg7 4.e4 d6 5.d4 O-O 6.Be2 Nbd7 7.O-O e5 8.Qc2 c6
9.Rd1 Qe7 10.d5 c5 11.Bg5 h6 12.Bh4 g5 13.Bg3 Nh5 14.Nd2 Nf4 15.Bg4 h5 16.Bxf4 exf4
17.Bxh5 Ne5 18.h3 g4 19.Bxg4 Bxg4 20.hxg4 Nxg4 21.Nf3 Rad8 22.Rd3 f5 23.exf5 Rxf5
24.Rdd1 Qf7 25.Re1 Be5 26.Ne4 Qg6 27.Nxd6 Rdf8 28.Nxf5 Qxf5 29.Qxf5 Rxf5
30.Nxe5 Nxe5 31.d6 Kf7 32.Rad1 Nc6 33.d7 Nd8 34.Re8  1-0